000 00641nam a2200205Ii 4500
003 JO-AjNU
008 230605s9999||||xx |||||||||||||| ||und||
040 _aJO-AjNU
_bara
_erda
_cJO-AjNU
041 _aara
050 1 4 _aB753.K5 S292 1985
100 3 _aسيف، أنطوان,
_eauthor
_936355
245 0 0 _aالكندي : مكانته عند مؤرخي الفلسفة العربية
250 _aط1
264 3 1 _aبيروت:دار الجيل ،1985
300 _a199ص
336 _atext
_btxt
_2rdacontent
337 _aunmediated
_bn
_2rdamedia
338 _avolume
_bnc
_2rdacarrier
650 4 _aفلسفة اسلامية
_936356
999 _aA15097
_c18665
_d18665